<?xml version="1.0" encoding="UTF-8"?>
<record
    xmlns:xsi="http://www.w3.org/2001/XMLSchema-instance"
    xsi:schemaLocation="http://www.loc.gov/MARC21/slim http://www.loc.gov/standards/marcxml/schema/MARC21slim.xsd"
    xmlns="http://www.loc.gov/MARC21/slim">

  <leader>00441nam a22001337a 4500</leader>
  <controlfield tag="005">20250927173926.0</controlfield>
  <controlfield tag="008">250927b        |||||||| |||| 00| 0 eng d</controlfield>
  <datafield tag="020" ind1=" " ind2=" ">
    <subfield code="a">9781843102953</subfield>
    <subfield code="q">pbk</subfield>
  </datafield>
  <datafield tag="041" ind1=" " ind2=" ">
    <subfield code="a">eng</subfield>
  </datafield>
  <datafield tag="082" ind1=" " ind2=" ">
    <subfield code="a">155.937083</subfield>
    <subfield code="b">TUR</subfield>
  </datafield>
  <datafield tag="100" ind1=" " ind2=" ">
    <subfield code="a">Turner Mary</subfield>
  </datafield>
  <datafield tag="245" ind1=" " ind2=" ">
    <subfield code="a"> Someone Very Important Has Just Died : Immediate Help For People Caring For Children Of All Ages At The Time Of A Close Bereavement</subfield>
    <subfield code="c">/Mary Turner</subfield>
  </datafield>
  <datafield tag="942" ind1=" " ind2=" ">
    <subfield code="c">ENGLISH</subfield>
  </datafield>
  <datafield tag="999" ind1=" " ind2=" ">
    <subfield code="c">589983</subfield>
    <subfield code="d">589983</subfield>
  </datafield>
  <datafield tag="952" ind1=" " ind2=" ">
    <subfield code="0">0</subfield>
    <subfield code="1">0</subfield>
    <subfield code="4">0</subfield>
    <subfield code="7">0</subfield>
    <subfield code="a">ACL</subfield>
    <subfield code="b">ACL</subfield>
    <subfield code="c">3A</subfield>
    <subfield code="d">2025-09-27</subfield>
    <subfield code="l">0</subfield>
    <subfield code="o">155.937083 TUR</subfield>
    <subfield code="p">425046</subfield>
    <subfield code="r">2025-09-27 17:39:50</subfield>
    <subfield code="w">2025-09-27</subfield>
    <subfield code="y">ENGLISH</subfield>
  </datafield>
</record>
